[Event "Dubai op 16th"]
[Site "Dubai"]
[Date "2014.04.09"]
[Round "3"]
[White "Kostenko, Petr"]
[Black "Osman, Abdelgadir"]
[Result "1-0"]
[WhiteElo "2506"]
[BlackElo "2153"]
[PlyCount "61"]
[EventDate "2014.04.07"]
[EventType "swiss"]
[EventRounds "9"]
[EventCountry "UAE"]
[SourceTitle "CBM 159 Extra"]
[Source "ChessBase"]
[SourceDate "2014.04.24"]
[SourceVersion "1"]
[SourceVersionDate "2014.04.24"]
[SourceQuality "1"]

1. e4 e5 2. Nf3 Nc6 3. Bb5 a6 4. Ba4 Nf6 5. 0-0 Be7 6. d3 b5 7. Bb3 d6 8. c3 0-0 9. Nbd2 h6 10. Re1 Re8 11. Nf1 Bf8 12. Ng3 d5 13. exd5 Nxd5 14. d4 Nf4 15. Nxe5 Nxe5 16. Bxf4 Nc4 17. Qf3 Be6 18. h3 Qd7 19. Bc2 Nxb2 20. Be4 Rad8 21. Nh5 Bd5 22. Qg3 Qc6 23. Bc2 Kh8 24. Bxc7 Rxe1+ 25. Rxe1 Rc8 26. Be5 f6 27. Qg6 Bg8 28. Bxf6 gxf6 29. Re7 f5 30. Nf6 Bxe7 31. Qxh6+ 1-0